Statistics for All Wrestlemania 39 Wrestler

Click here to take the quiz!

General Stats

  • This quiz has been taken 35 times
  • The average score is 47 of 55

Answer Stats

HintAnswer% Correct
Singles MatchCody Rhodes
100%
Triple ThreatDrew McIntyre
100%
Triple ThreatGunther
100%
Tag TeamJey Uso
100%
Tag TeamJimmy Uso
100%
Tag TeamKevin Owens
100%
Singles MatchRoman Reigns
100%
Tag TeamSami Zayn
100%
Triple ThreatSheamus
100%
Singles MatchAustin Theory
96%
Tag TeamBayley
96%
Singles MatchBianca Belair
96%
Singles MatchBrock Lesnar
96%
Singles MatchCharlotte Flair
96%
Singles MatchJohn Cena
96%
Singles MatchRhea Ripley
96%
Singles MatchSeth Rollins
96%
Singles MatchAsuka
92%
Singles MatchDominik Mysterio
92%
Tag TeamIyo Sky
92%
Singles MatchLogan Paul
92%
Singles MatchOmos
92%
Singles MatchRey Mysterio
92%
Tag TeamAngelo Dawkins
88%
Tag TeamBecky Lynch
88%
Tag TeamChad Gable
88%
Singles MatchEdge
88%
Singles MatchFinn Balor
88%
Tag TeamMontez Ford
88%
Tag TeamOtis
88%
Tag TeamRonda Rousey
88%
Singles MatchSnoop Dogg
88%
SpecialSnoop Dogg
88%
Singles MatchThe Miz
88%
Singles MatchThe Miz
88%
Tag TeamBraun Strowman
84%
Tag TeamLita
84%
Tag TeamNatalya
84%
Tag TeamRicochet
84%
Tag TeamShayna Baszler
84%
Tag TeamTrish Stratus
84%
Tag TeamChelsea Green
80%
Tag TeamDakota Kai
80%
Tag TeamLiv Morgan
80%
Tag TeamRaquel Rodriguez
80%
Singles MatchPat McAfee
76%
SpecialPat McAfee
76%
SpecialShane McMahon
76%
Tag TeamErik
72%
Tag TeamIvar
72%
Tag TeamSonya Deville
72%
Tag TeamShotzi
56%
SpecialBad Bunny
36%
SpecialKSI
12%
SpecialLil Uzi
12%

Score Distribution

Percentile by Number Answered

Percent of People with Each Score

Your Score History

You have not taken this quiz